000 00314 a2200157 4500
001 169246
020 _a
040 _cMagnum
100 _aNucci, Nely A. Guernelli
240 1 0 _aO aniversario
_lpor
245 1 0 _aO aniversario
362 0 _a1899
440 1 _aPaulinas
697 _aIJ/TEATRO
942 _cBK
999 _c169246
_d169246